NFL 1st Round Mock Draft 2021 - Statistics

General Stats
  • This quiz has been taken 210 times
  • The average score is 16 of 32
Answer Stats
Hint PositionOL Answer % Correct
Jaguars QB Trevor Lawrence
96%
Panthers QB Zach Wilson
96%
Jets QB Justin Fields
90%
Lions WR Devonta Smith
87%
Broncos QB Trey Lance
87%
Eagles WR Ja'Marr Chase
84%
Bengals TE Kyle Pitts
84%
49ers QB Mac Jones
84%
Dolphins OL Penei Sewell
83%
Dolphins WR Jaylen Waddle
77%
Falcons CB Patrick Surtain II
74%
Jets RB Damian Harris
59%
Cowboys OL Rashawn Slater
59%
Titans CB Jaycee Horn
53%
Raiders LB Micah Parsons
51%
Vikings CB Caleb Farley
50%
Steelers RB Travis Etienne
45%
Giants OL Christian Darrisaw
42%
Football Team OL Alijah Vera-Tucker
40%
Colts WR Kadarius Toney
37%
Chargers EDGE Gregory Rousseau
35%
Packers EDGE Jaelan Phillips
32%
Patriots LB Jeremiah Owusu-Koramoah
28%
Jaguars LB Zaven Collins
26%
Ravens WR Terrance Marshall Jr.
25%
Saints EDGE Jayson Oweh
22%
Bears EDGE Azeez Ojulari
20%
Bills CB Eric Stokes
17%
Buccaneers CB Asante Samuel Jr.
16%
Cheifs OL Jalen Mayfield
10%
Cardinals DT Christian Baremore
6%
Browns LB Joseph Ossai
5%
No matching quizzes found
Score Distribution
Percent of People with Each Score
Percentile by Number Answered
Your Score History
You have not taken this quiz